| 000 | 00794nam a2200241 i 4500 | ||
|---|---|---|---|
| 001 | bg | ||
| 100 | 1 | _aBERLIŃSKI, Lechosław | |
| 245 | 1 | 0 |
_aInżynieria projektowania strategii przedsiębiorstwa : _bkonstrukcja i technologia / _cLechosław Berliński, Ilona Penc-Pietrzak. |
| 260 |
_aWarszawa : _b"Difin", _c2004. |
||
| 300 |
_a336 s. : _bwykr. ; _c24 cm. |
||
| 504 | _aBibliogr. | ||
| 650 | 9 |
_aPrzedsiębiorstwo _xzarządzanie _xmetody |
|
| 650 | 9 |
_aZarządzanie strategiczne _xmetody |
|
| 700 | 1 | _aPENC-PIETRZAK, Ilona | |
| 020 | _a8372514550 | ||
| 040 | _cBPK | ||
| 041 | 0 | _apol | |
| 080 | _a658.1/.5.012.4 | ||
| 920 | _a83-7251-455-0 | ||
| 942 | _cKS | ||
| 008 | s pl f |000 0 pol | ||
| 999 |
_c44674 _d44674 |
||
| 856 |
_uhttp://koha.tu.koszalin.pl/cgi-bin/koha/opac-detail.pl?biblionumber=44674 _yKatalog online BPK |
||